2 syllable countries - Statistics

General Stats
  • This quiz has been taken 57 times
    45 since last reset
  • The average score is 39 of 51
Answer Stats
Answer % Correct
Finland
100%
Egypt
92%
China
89%
Jordan
89%
Norway
89%
Oman
89%
Yemen
89%
Denmark
86%
Iceland
86%
Iran
86%
Iraq
86%
Japan
86%
Peru
86%
Cuba
83%
Fiji
83%
Sweden
83%
Togo
83%
Bhutan
81%
Nepal
81%
Niger
81%
Poland
81%
Haiti
78%
Ireland
78%
Kenya
78%
Mali
78%
Russia
78%
Belize
75%
Benin
75%
Gabon
75%
Ghana
75%
Malta
75%
Qatar
75%
Tonga
75%
Bahrain
72%
Belgium
72%
Brazil
72%
Nauru
72%
Palau
72%
Sudan
72%
Turkey
72%
Ukraine
69%
Brunei
67%
Chile
67%
Guinea
67%
Cyprus
64%
Georgia
64%
Kuwait
64%
Taiwan
64%
Libya
56%
Maldives
53%
Seychelles
50%
No matching quizzes found
Score Distribution
Percent of People with Each Score
Percentile by Number Answered
Your Score History
You have not taken this quiz since the last reset